00605nam a2200193Ia 450000500170000000800410001702000140005802000180007204000360009004100080012610000290013424500480016325000120021126000660022330000370028965000270032665000290035365000290038220161115115632.0130821s2012 xxua gr eng  a205075835 a9780205075836 aCo-BoUCMbspac[Nuevo]d[Nuevo]00aeng1 aCohn, Theodore H.d1940-10aGlobal political economycTheodore H. Cohn. a6th ed. aBoston (Massachusetts, Estados Unidos)bPearson Longmanc2012 axviii, 430 páginasbgráficas04aComercio internacional04aEconomía internacional04aFinanzas internacionales